000 00415nam a22001337a 4500
020 _a0000000456555
040 _cNUST
082 _a297.55 ASI
100 _aAsif Mehmood Jah
_9110349
245 _aAllah Kabbah Aur Banda Bait Ullah Aur Roza E Rasool SAWW Key Chawo May Bath Ker Likha Gaya Safar Nama Hijaz
260 _aLahore:
_b Ilm O Irfan,
_c2013.
650 _aSafar Nama -e- Hijaz
_9111969
942 _2ddc
_cBK
999 _c593684
_d593684